| 000 | 00663nam a2200217 a 4500 | ||
|---|---|---|---|
| 008 | 951123s1982||||[C 0 slo c | ||
| 020 | _c23 Kčs | ||
| 040 |
_aSNK _bslo _cSNK _eAACR2 |
||
| 041 | 1 |
_aslo _hslo |
|
| 080 | _a885.4-3 | ||
| 100 | 1 |
_aMináč, Vladimír _4aut |
|
| 245 | 1 | 0 |
_aŽeny _cVladimír Mináč ; Peter Jaroš, Katarína Schillerová-Keményová |
| 260 |
_aBratislava _bSlovenský spisovateľ _c1982 _eMartin _fTlačiarne SNP |
||
| 300 | _c17 cm | ||
| 490 | 0 |
_aZlatá jabloň _vZv. 22. |
|
| 500 | _aIlustr. na front. a predsádkach. | ||
| 700 | 1 | _4[ADC] | |
| 700 | 1 |
_aSchillerová-Keményová, Katarína _4bkd |
|
| 044 |
_axo _cSK |
||
| 958 | _aA | ||
| 999 |
_c12258 _d12258 |
||